| 000 | 00860nam a22002417a 4500 | ||
|---|---|---|---|
| 001 | 47694 | ||
| 003 | BD-RjUL | ||
| 005 | 20211209054354.0 | ||
| 008 | 160810s2001 ii ||||| |||| 00| 0 ben d | ||
| 020 |
_a8186946721 _c: IRs 130.00 |
||
| 035 | _a(BD-RjUL)47813 | ||
| 040 |
_aBD-RjUL _bben _cBD-RjUL |
||
| 041 | _aben | ||
| 082 |
_223 _a305.80954 _bSUB 2001 |
||
| 100 |
_aসুর, অতুল _9124336 |
||
| 245 | 1 | 0 |
_aবাঙলা ও বাঙালীর বিবর্তন / _cঅতুল সুর |
| 250 | _a৩য় সং | ||
| 260 |
_aকলিকাতা : _bসাহিত্যলোক, _c২০০১ |
||
| 300 |
_a৪৩২ পৃ. : _bচিত্র ; _c২১ সেমি. |
||
| 650 |
_aসাংস্কৃতিক চরিত্র-গঠন _9144891 |
||
| 650 |
_aCultural ethology _9189877 |
||
| 942 |
_2ddc _cBK |
||
| 999 |
_c47694 _d47694 |
||